000 00333nam a22001457a 4500
008 210426b ||||| |||| 00| 0 eng d
020 _a9780763757496
041 _aeng
080 _22nd
_a53
082 _a53
100 _a43
101 _aFIZ
245 _aFundamentals of Fire Fighter Skills
_cDouglas. C. Ott
942 _2udc
_cBK
999 _c56712
_d56712